| 000 | 00578nam a2200217 a 4500 | ||
|---|---|---|---|
| 001 | 19703 | ||
| 003 | CO-ViMGA | ||
| 008 | 141112s2004 ck r 000 u spa d | ||
| 020 | _a8449302706 | ||
| 040 |
_aCO-ViMGA _bspa _cCO-ViMGA |
||
| 082 | 0 | 4 | _a302 L824t |
| 100 | 1 |
_aLuckmann, Thomas _928519 |
|
| 245 | 1 | 0 | _aTeoría de la acción social |
| 260 |
_aBarcelona : _bPaidos, _c1996 |
||
| 300 | _a159 p. | ||
| 490 | _aPaidos Básica | ||
| 590 | _aForma de adquisición : Premio Mincultura | ||
| 650 | 1 | 4 |
_aACCION SOCIAL _928520 |
| 650 | 1 | 4 | _aINTERACCION SOCIAL |
| 942 |
_2ddc _cBK |
||
| 999 |
_c28838 _d28838 |
||